| 000 | 01055nam a2200289 a 4500 | ||
|---|---|---|---|
| 003 | BLK | ||
| 005 | 20250430125643.0 | ||
| 007 | ta | ||
| 008 | 221104b bu |||||r|||| 00| | bu d | ||
| 020 | _a9786191953844 | ||
| 040 | _aBLK | ||
| 041 |
_aBUL _cBUL |
||
| 080 |
_9227592 _aБългарска литература _b821.163.2 _z821.163.2-32 |
||
| 084 | _aГ 23 | ||
| 100 |
_9333198 _aГарелов, Иван Стефанов |
||
| 245 |
_aТук Хемингуей никога не е бил и нови разкази _cИван Гарелов |
||
| 250 | _a2. доп. изд. | ||
| 260 |
_9214104 _aСофия _bКнигомания _c2024 |
||
| 300 |
_a200 с. _c21 см |
||
| 380 | _aX | ||
| 500 | _a1. изд. 2024 на Книгоизд. къща Труд Биогр. данни за авт. отбелязани на 2-ра кор. | ||
| 852 |
_aЦб 324898 _bЦб |
||
| 856 |
_i0.00 _ldisable |
||
| 942 |
_cKNG _n0 _017 |
||
| 944 |
_cНора Радева _k30530 _lМинев Младен |
||
| 944 |
_c2024-10-28 _kМ.Я. _aED |
||
| 999 |
_c511675 _d511675 |
||